000 00993nam a22002177a 4500
999 _c1880
_d1880
003 AR-CdUCM
008 190228b ||||| |||| 00| 0 eng d
040 _aMUNICIPALIDAD PROVINCIAL DEL CUSCO
_cBIBLIOTECA MUNICIPAL DEL CUSCO
082 _a301.3 /
_bM83
110 _aCirculo de Estudios Alejandro Quijano
_96886
245 _aMovimiento de Pobladores:
_by lucha de clases (Balance y Perspectivas) /
_cCirculo de Estudios Alejandro Quijano
260 _aAncash - Peru :
_bCirculo de Estudios Alejandro Quijano ,
_c1980.
300 _a88 paginas :
_c21 cm.
505 _aHistoria del Movimiento de Pobladores -- Primer Periodo -- Segundo Periodo -- Tercer Periodo -- Cuarto Periodo -- Quinto Periodo -- Centralizacion -- Programa -- Tesis -- Lineamientos Estrategicos...
650 _aLucha de Clases.
_96887
650 _aSociedad.
_953
650 _aAntropologia de Masas.
_96888
710 _aCirculo de Estudios Alejandro Quijano
_96886
942 _2ddc
_cLIBROS
945 _artm
_d2019-02-28